Kamala : (Record no. 131706)

MARC details
000 -LEADER
fixed length control field 00782nam a22002417a 4500
005 - DATE AND TIME OF LATEST TRANSACTION
control field 20170124110137.0
010 ## - LIBRARY OF CONGRESS CONTROL NUMBER
LC control number A-948961
020 ## - INTERNATIONAL STANDARD BOOK NUMBER
Terms of availability 00.00
International Standard Book Number 0195644530
035 ## - SYSTEM CONTROL NUMBER
System control number A-948961
037 ## - SOURCE OF ACQUISITION
Source of stock number/acquisition Cen Lib/Ret
040 ## - CATALOGING SOURCE
Original cataloging agency DPL
Language of cataloging EN
082 ## - DEWEY DECIMAL CLASSIFICATION NUMBER
Classification number N
Item number SAT
100 ## - MAIN ENTRY--PERSONAL NAME
Personal name Satthianadhan, Krupabai
9 (RLIN) 32539
245 ## - TITLE STATEMENT
Title Kamala :
Statement of responsibility, etc by Krupabai Satthianadhan; edited by Chandani Lokuge
Remainder of title the story of Hindu life /
260 ## - PUBLICATION, DISTRIBUTION, ETC. (IMPRINT)
Name of publisher, distributor, etc Oxford University Press
Place of publication, distribution, etc New Delhi
Date of publication, distribution, etc 1998
270 ## - ADDRESS
City New Delhi
Address YMCA Library Building, Jai Singh Road
Postal code 110001
300 ## - PHYSICAL DESCRIPTION
Extent xv,173p.
Dimensions 22cm(Hb)
500 ## - GENERAL NOTE
General note Includes bibliographical references<br/>
650 ## - SUBJECT ADDED ENTRY--TOPICAL TERM
Topical term or geographic name as entry element Women -- India -- Fiction
9 (RLIN) 29481
650 ## - SUBJECT ADDED ENTRY--TOPICAL TERM
Topical term or geographic name as entry element India -- Fiction
9 (RLIN) 102140
700 ## - ADDED ENTRY--PERSONAL NAME
Personal name Lokuge, Chandani
9 (RLIN) 32534
942 ## - ADDED ENTRY ELEMENTS (KOHA)
Source of classification or shelving scheme Dewey Decimal Classification
Koha item type English Books
Classification part N
Call number suffix SAT
Holdings
Withdrawn status Lost status Damaged status Not for loan Home library Current library Date acquired Source of acquisition Cost, normal purchase price Total Checkouts Full call number Barcode Date last seen Copy number Cost, replacement price Price effective from Koha item type
        Central Library Central Library 15/07/2015 Cen Lib/Ret 0.00   N SAT A-948961 15/07/2015 1 0.00 15/07/2015 English Books

© Delhi Public Library
Hit Counter
free hit counter